Statistics for Capitals of Countries Bordering Poland

Click here to take the quiz!

General Stats

  • This quiz has been taken 175 times
  • The average score is 6 of 7

Answer Stats

CountryCapital% Correct
GermanyBerlin
98%
Czech RepublicPrague
95%
RussiaMoscow
94%
BelarusMinsk
91%
SlovakiaBratislava
89%
UkraineKiev
89%
LithuaniaVilnius
88%

Score Distribution

Percentile by Number Answered

Percent of People with Each Score

Your Score History

You have not taken this quiz